Matrimonio para dos o El libro de la pareja / (Record no. 100925)
[ view plain ]
| 000 -LEADER | |
|---|---|
| campo de control de longitud fija | 00590nam a2200181 i 4500 |
| 001 - NÚMERO DE CONTROL | |
| campo de control | 100925 |
| 003 - IDENTIFICADOR DE NÚMERO DE CONTROL | |
| campo de control | ES-MaACL |
| 005 - FECHA Y HORA DE LA ÚLTIMA TRANSACCIÓN | |
| campo de control | 20230906182804.0 |
| 007 - CAMPO FIJO DE DESCRIPCIÓN FÍSICA--INFORMACIÓN GENERAL | |
| campo de control de longitud fija | t| |
| 008 - DATOS DE LONGITUD FIJA--INFORMACIÓN GENERAL | |
| campo de control de longitud fija | 051006s1972 sp ||||1| spa d |
| 245 00 - MENCIÓN DEL TÍTULO | |
| Título | Matrimonio para dos o El libro de la pareja / |
| Mención de responsabilidad, etc. | Pedro Pérez-Medrano... Severiano Aguirre... Teresa Gil de Durero... |
| 260 ## - PUBLICACIÓN, DISTRIBUCIÓN, ETC. | |
| Lugar de publicación, distribución, etc. | Madrid : |
| Nombre del editor, distribuidor, etc. | Studium, |
| Fecha de publicación, distribución, etc. | 1972. |
| 300 ## - DESCRIPCIÓN FÍSICA | |
| Extensión | 205 p. ; |
| Dimensiones | 21 cm. |
| 700 1# - ENTRADA AGREGADA--NOMBRE PERSONAL | |
| Nombre de persona | Pérez-Medrano Rubio, Pedro. |
| 9 (RLIN) | 91018 |
| 700 1# - ENTRADA AGREGADA--NOMBRE PERSONAL | |
| Nombre de persona | Aguirre, Severiano. |
| 9 (RLIN) | 18846 |
| 700 1# - ENTRADA AGREGADA--NOMBRE PERSONAL | |
| Nombre de persona | Gil de Durero, Teresa. |
| 9 (RLIN) | 56793 |
| 852 ## - LOCALIZACIÓN | |
| Ubicación | ES-MaACL |
| Número de control de estantería | C-48796 |
| Sublocalización o colección | R.84643 |
| Estatus retirado | Estado de pérdida | Estado de daño | No para préstamo | Biblioteca de origen | Biblioteca actual | Ubicación en estantería | Fecha de adquisición | Fuente de adquisición | Total de préstamos | Signatura topográfica completa | Código de barras | Visto por última vez | Precio de reemplazo | Tipo de ítem Koha |
|---|---|---|---|---|---|---|---|---|---|---|---|---|---|---|
| Biblioteca del Ateneo de Madrid | Biblioteca del Ateneo de Madrid | Depósito 2 | 17/01/2008 | C-48796 | 1105375 | 23/02/2023 | 23/02/2023 | Libro impreso |
